Jak zajistit značce budoucnost?
Demokratizácia značky. Budovanie budúcnosti značky.
Saved in:
| Main Author: | |
|---|---|
| Format: | Book Chapter |
| Language: | Czech |
| Subjects: | |
| Tags: |
No Tags, Be the first to tag this record!
|
MARC
| LEADER | 00000naa a2200000 4500 | ||
|---|---|---|---|
| 001 | 0205641 | ||
| 005 | 20231115070841.7 | ||
| 041 | 0 | |a cze | |
| 044 | |a CZ | ||
| 245 | 1 | 0 | |a Jak zajistit značce budoucnost? |c Věra Vávrová |
| 520 | |a Demokratizácia značky. Budovanie budúcnosti značky. | ||
| 610 | 2 | 0 | |a značky |
| 610 | 2 | 0 | |a médiá sociálne |
| 100 | 1 | |a Vávrová, Věra | |